| 000 | 00442cam a2200181ua 4500 | ||
|---|---|---|---|
| 020 | _c42.80 | ||
| 041 |
_aeng _h |
||
| 082 |
_a621.3 _bGRA/FU |
||
| 100 | _aGraham, Kennard C . | ||
| 245 |
_aFundamentals of electricity / _cC Kennard Graham. _hTextual Documents |
||
| 250 |
_a4 / _b. |
||
| 260 |
_aLondon : _bTechnical Press , _c1964. |
||
| 300 | _a342 ; . | ||
| 365 | _a42.80 | ||
| 504 | _a | ||
| 942 | _cBK | ||
| 999 |
_c7558 _d7558 |
||